| 000 | 00903pam a2200265 a 4500 | ||
|---|---|---|---|
| 001 | 1161427 | ||
| 003 | OSt | ||
| 005 | 20171129111614.0 | ||
| 008 | 960223s1997 nyuab b 001 0 eng | ||
| 010 | _a 96010805 | ||
| 020 | _a0070361827 (acidfree paper) | ||
| 040 |
_aDLC _cDLC _dDLC |
||
| 050 | 0 | 0 |
_aGN25 _b.K67 1997 |
| 082 | 0 | 0 |
_a301 _220 |
| 100 | 1 | _aKottak, Conrad Phillip. | |
| 245 | 1 | 0 |
_aAnthropology : _bthe exploration of human diversity / _cConrad Phillip Kottak. |
| 250 | _a7th ed. | ||
| 260 |
_aNew York : _bMcGraw-Hill, _cc1997. |
||
| 300 |
_axxx, 544 p. : _bill. (some col.), col. maps ; _c26 cm. |
||
| 504 | _aIncludes bibliographical references (p. 481-505) and indexes. | ||
| 650 | 0 | _aAnthropology. | |
| 906 |
_a7 _bcbc _corignew _d1 _eocip _f19 _gy-gencatlg |
||
| 942 |
_2lcc _cBK |
||
| 999 |
_c51788 _d51788 |
||